[Event "Ligue Elite du Dimanche - Prelim."]
[Site "Montreal CAN"]
[Date "2019.10.27"]
[Round "5.2"]
[White "Wu, Tony (Dongze)"]
[Black "Yan, Alex Jikai"]
[Result "1-0"]
[WhiteElo "2034"]
[BlackElo "1871"]
[PlyCount "109"]
[EventDate "2019.09.22"]
[EventType "team"]
[EventRounds "5"]
[EventCountry "CAN"]
[WhiteTeam "DeepBlue"]
[BlackTeam "Allez les Bleus"]

1. d4 Nf6 2. g3 d5 3. Bg2 Bf5 4. Nf3 e6 5. O-O c5 6. c4 Nc6 7. cxd5 exd5 8. Nc3
c4 9. Nh4 Be6 10. Bg5 Be7 11. f4 h6 12. Bxf6 Bxf6 13. e3 Bxh4 14. gxh4 f5 15.
h5 O-O 16. b3 Na5 17. Rb1 cxb3 18. axb3 Rc8 19. Na4 b6 20. Qd2 Qd7 21. Nc3 Rc6
22. Rfc1 Rfc8 23. Bf1 Qf7 24. Bb5 R6c7 25. Ba6 Rd8 26. Qd1 Bc8 27. Be2 Bb7 28.
Nb5 Rxc1 29. Rxc1 Rc8 30. Nxa7 Rxc1 31. Qxc1 Nxb3 32. Qb2 Na5 33. Qxb6 Nc4 34.
Qb3 Ba6 35. Nc6 Qe6 36. Ne5 Nxe5 37. Bxa6 Ng4 38. Be2 Qxe3+ 39. Qxe3 Nxe3 40.
Bd3 Kf7 41. h3 Ke6 42. Kf2 Nc4 43. Ke1 Ne3 44. Ke2 Nc4 45. Bxc4 dxc4 46. Kd2
Kd6 47. Kc2 Kc6 48. Kb2 Kd6 49. Kc3 Kd5 50. h4 Ke4 51. Kxc4 Kxf4 52. d5 Ke5 53.
Kc5 f4 54. d6 Ke6 55. Kc6 1-0

[Event "Ligue Elite du Dimanche - Prelim."]
[Site "Montreal CAN"]
[Date "2019.10.27"]
[Round "5.3"]
[White "Wang, Isabelle"]
[Black "Pelletier, Arnaud"]
[Result "0-1"]
[WhiteElo "1692"]
[BlackElo "1652"]
[PlyCount "124"]
[EventDate "2019.09.22"]
[EventType "team"]
[EventRounds "5"]
[EventCountry "CAN"]
[WhiteTeam "Allez les Bleus"]
[BlackTeam "DeepBlue"]

1. e4 c5 2. Nf3 d6 3. d4 cxd4 4. Nxd4 Nf6 5. Nc3 a6 6. Bg5 e6 7. f4 Be7 8. Qf3
h6 9. Bxf6 Bxf6 10. O-O-O Qc7 11. g4 Nc6 12. Nb3 b5 13. Bg2 Bb7 14. h4 Rc8 15.
a3 b4 16. axb4 Nxb4 17. Nd4 Qc5 18. Nde2 Ke7 19. Rh3 a5 20. Qe3 Qxe3+ 21. Rxe3
Bxh4 22. Kb1 e5 23. f5 Bg5 24. Rh3 Bc6 25. Ng3 g6 26. Rhh1 a4 27. Rhe1 Ra8 28.
Na2 Na6 29. Nc3 Nb4 30. Na2 Rhb8 31. Nxb4 Rxb4 32. Ka2 Rab8 33. Rb1 Bh4 34. Re3
Bxg3 35. Rxg3 Bxe4 36. Bxe4 Rxe4 37. fxg6 fxg6 38. Rh1 Rh8 39. Ka3 Ke6 40. g5
h5 41. Rf1 Rf4 42. Rxf4 exf4 43. Rf3 Ke5 44. Kxa4 Ke4 45. Rf1 h4 46. b4 h3 47.
b5 h2 48. Rh1 Kf3 49. b6 Kg2 50. Rd1 h1=Q 51. Rd2+ Kg3 52. Rxd6 Ra8+ 53. Kb5
Qb1+ 54. Kc6 Qxc2+ 55. Kd5 Ra5+ 56. Ke6 Qf5+ 57. Ke7 Re5+ 58. Kd8 Qf8+ 59. Kc7
Rc5+ 60. Kd7 Qc8+ 61. Ke7 Re5+ 62. Kf7 Qe8+ 0-1

[Event "Ligue Elite du Dimanche - Prelim."]
[Site "Montreal CAN"]
[Date "2019.10.27"]
[Round "5.7"]
[White "Zhong, Kevin"]
[Black "Tanaka, Tyler"]
[Result "0-1"]
[WhiteElo "2217"]
[BlackElo "2264"]
[PlyCount "60"]
[EventDate "2019.09.22"]
[EventType "team"]
[EventRounds "5"]
[EventCountry "CAN"]
[WhiteTeam "Kingscrusher"]
[BlackTeam "Les Roches Canadiennes"]

1. d4 Nf6 2. Nf3 g6 3. Bg5 Bg7 4. Nbd2 d6 5. e4 O-O 6. c3 h6 7. Bh4 c5 8. dxc5
dxc5 9. Bc4 Nc6 10. Qe2 Nh5 11. Qe3 b6 12. Rd1 Qc7 13. Bg3 Nxg3 14. hxg3 Na5
15. Bd5 Rb8 16. b4 e6 17. bxa5 exd5 18. axb6 axb6 19. O-O Re8 20. Qd3 dxe4 21.
Nxe4 Bf5 22. Qd6 Qe7 23. Qxe7 Rxe7 24. Nd6 Be6 25. c4 Bd7 26. Rd2 Rd8 27. Rfd1
Bc3 28. Rd3 Bd4 29. Ne4 Bf5 30. Nxd4 Bxe4 0-1

[Event "Ligue Elite du Dimanche - Prelim."]
[Site "Montreal CAN"]
[Date "2019.10.27"]
[Round "5.8"]
[White "Li, James"]
[Black "Nunez-Painchaud, Raphael"]
[Result "0-1"]
[WhiteElo "2112"]
[BlackElo "2148"]
[PlyCount "100"]
[EventDate "2019.09.22"]
[EventType "team"]
[EventRounds "5"]
[EventCountry "CAN"]
[WhiteTeam "Les Roches Canadiennes"]
[BlackTeam "Kingscrusher"]

1. e4 c5 2. Nf3 Nc6 3. Nc3 g6 4. d4 cxd4 5. Nxd4 Bg7 6. Nb3 Nf6 7. Be2 d6 8.
O-O O-O 9. Bg5 Be6 10. Kh1 Rc8 11. f4 a6 12. Bf3 Qc7 13. Nd5 Bxd5 14. exd5 Nb8
15. c3 Nbd7 16. Re1 Nb6 17. Qd3 Rfe8 18. Re2 Kf8 19. Rae1 Qc4 20. Qxc4 Rxc4 21.
Na5 Rc7 22. c4 Rec8 23. b3 Ng8 24. Rc1 Bd4 25. a3 Nd7 26. Bh4 Bb6 27. Be1 Ngf6
28. Rd1 Nc5 29. g4 Nfd7 30. g5 Bxa5 31. Bxa5 b6 32. Bb4 Nxb3 33. Bg4 a5 34. Re3
axb4 35. axb4 Rxc4 36. Rxb3 R8c7 37. Kg2 Rxf4 38. Kg3 Rfc4 39. h4 Ne5 40. Be2
Rc2 41. Bb5 R7c3+ 42. Rxc3 Rxc3+ 43. Kg2 Nf3 44. Ra1 Nxh4+ 45. Kf2 Rb3 46. Ra6
Rxb4 47. Rxb6 Nf5 48. Rb7 Rb2+ 49. Ke1 Nd4 50. Bc6 Rxb7 0-1

[Event "Ligue Elite du Dimanche - Prelim."]
[Site "Montreal CAN"]
[Date "2019.10.27"]
[Round "5.9"]
[White "Farahdel, Anahita"]
[Black "Lafleche, Alain"]
[Result "0-1"]
[WhiteElo "1551"]
[BlackElo "1604"]
[PlyCount "46"]
[EventDate "2019.09.22"]
[EventType "team"]
[EventRounds "5"]
[EventCountry "CAN"]
[WhiteTeam "Kingscrusher"]
[BlackTeam "Les Roches Canadiennes"]

1. d4 d5 2. c4 Nc6 3. Nf3 Bg4 4. e3 e5 5. Qb3 Bxf3 6. gxf3 exd4 7. cxd5 Nce7 8.
e4 Nf6 9. Qxb7 Nd7 10. Bf4 Qb8 11. Qxb8+ Rxb8 12. Bxc7 Rxb2 13. Bd6 Ng6 14.
Bxf8 Rxf8 15. Nd2 Nde5 16. Rg1 Ke7 17. Rg3 Rc8 18. Nb3 d3 19. Bh3 Rcc2 20. Nd4
Rxf2 21. a3 Nh4 22. Nf5+ Nxf5 23. Bxf5 d2+ 0-1

[Event "Ligue Elite du Dimanche - Prelim."]
[Site "Montreal CAN"]
[Date "2019.10.27"]
[Round "5.13"]
[White "Saha, Ananda"]
[Black "Rodrigue-Lemieux, Shawn"]
[Result "0-1"]
[WhiteElo "2192"]
[BlackElo "2396"]
[PlyCount "54"]
[EventDate "2019.09.22"]
[EventType "team"]
[EventRounds "5"]
[EventCountry "CAN"]
[WhiteTeam "Desperados"]
[BlackTeam "Be4"]

1. d4 Nf6 2. c4 e6 3. Nc3 Bb4 4. f3 Nc6 5. e4 d5 6. cxd5 exd5 7. e5 Ng8 8. Be3
Nge7 9. Nge2 O-O 10. Ng3 Ng6 11. f4 f6 12. Qd2 fxe5 13. fxe5 Ngxe5 14. Bg5 Qe8
15. O-O-O Nc4 16. Bxc4 dxc4 17. Rhe1 Qg6 18. d5 Nb8 19. Be7 Bxe7 20. Rxe7 Na6
21. Nce4 Bg4 22. Re1 Rad8 23. d6 cxd6 24. Qd5+ Kh8 25. Qxb7 d5 26. Qxa7 dxe4
27. R7xe4 Nb4 0-1

[Event "Ligue Elite du Dimanche - Prelim."]
[Site "Montreal CAN"]
[Date "2019.10.27"]
[Round "5.14"]
[White "Guipi Bopala, Prince Eric jr"]
[Black "Steinberg, Ellis"]
[Result "0-1"]
[WhiteElo "1831"]
[BlackElo "2007"]
[PlyCount "108"]
[EventDate "2019.09.22"]
[EventType "team"]
[EventRounds "5"]
[EventCountry "CAN"]
[WhiteTeam "Be4"]
[BlackTeam "Desperados"]

1. d4 Nf6 2. c4 g6 3. Nc3 Bg7 4. e4 d6 5. f3 O-O 6. Be3 e5 7. Nge2 exd4 8. Nxd4
Nc6 9. Be2 Nd7 10. Qd2 Nxd4 11. Bxd4 Bxd4 12. Qxd4 Qf6 13. Qxf6 Nxf6 14. O-O
Be6 15. Nd5 Nxd5 16. cxd5 a5 17. Rfc1 Rfc8 18. Bb5 Kf8 19. Rc2 Ke7 20. a4 Bd7
21. Bxd7 Kxd7 22. Kf2 Ra6 23. Rc3 Rb6 24. b3 c5 25. Rac1 Rb4 26. Ke3 b5 27.
axb5 Rb8 28. Ra1 R8xb5 29. Ra3 Ke7 30. Ke2 Kf6 31. Ke3 Ke7 32. Ke2 Kf6 33. Ke3
g5 34. g3 Kg6 35. f4 f5 36. exf5+ Kxf5 37. fxg5 Kxg5 38. Kf3 h5 39. h3 Rd4 40.
Rc4 Rxd5 41. Ke3 Re5+ 42. Re4 Kf5 43. g4+ hxg4 44. hxg4+ Ke6 45. Rxe5+ Kxe5 46.
g5 d5 47. g6 Kf6 48. g7 Kxg7 49. Kf4 Kf6 50. Ke3 Ke5 51. Kd3 Rxb3+ 52. Rxb3 c4+
53. Kc3 cxb3 54. Kxb3 Kd4 0-1

[Event "Ligue Elite du Dimanche - Prelim."]
[Site "Montreal CAN"]
[Date "2019.10.27"]
[Round "5.15"]
[White "Alcantara, Maximo jr"]
[Black "Wang, Rachel"]
[Result "0-1"]
[WhiteElo "1688"]
[BlackElo "1752"]
[PlyCount "114"]
[EventDate "2019.09.22"]
[EventType "team"]
[EventRounds "5"]
[EventCountry "CAN"]
[WhiteTeam "Desperados"]
[BlackTeam "Be4"]

1. Nf3 Nf6 2. d4 d5 3. g3 e6 4. Bg2 c5 5. c3 c4 6. O-O Be7 7. Re1 O-O 8. Nbd2
Nc6 9. e4 b5 10. exd5 exd5 11. Ne5 Nxe5 12. Rxe5 Be6 13. Re1 b4 14. Nf3 bxc3
15. bxc3 Qa5 16. Bd2 Ba3 17. Qc2 Rab8 18. Rab1 Rb6 19. Rxb6 axb6 20. Ne5 Ra8
21. Ra1 Ne8 22. f4 f6 23. Nc6 Qb5 24. Nb4 Bxb4 25. cxb4 Nd6 26. a4 Qd7 27. a5
b5 28. Re1 Kh8 29. Bc3 Bf5 30. Qe2 Ne4 31. Bxe4 Bxe4 32. g4 f5 33. g5 Qd6 34.
Qf2 h6 35. Qh4 Kg8 36. Re3 hxg5 37. Qxg5 Kf7 38. Rh3 Qg6 39. Qxg6+ Kxg6 40. Kf2
Re8 41. Rg3+ Kf6 42. Re3 Rh8 43. Kg3 g5 44. h3 gxf4+ 45. Kxf4 Rh4+ 46. Kg3 Kg5
47. Kh2 f4 48. Re1 Bf5 49. Rg1+ Kf6 50. Bd2 Rxh3+ 51. Kg2 f3+ 52. Kf1 Rh2 53.
Be3 Bd3+ 54. Ke1 Re2+ 55. Kd1 Rxe3 56. a6 f2 57. Rh1 f1=Q+ 0-1

[Event "Ligue des clubs 2019-20"]
[Site "St J/Sherbrooke/Granby CAN"]
[Date "2019.11.17"]
[Round "1"]
[White "Beaudry, Marc-Andre"]
[Black "Boudreault, Charles"]
[Result "1-0"]
[WhiteElo "2008"]
[BlackElo "1764"]
[PlyCount "69"]
[EventDate "2019.11.17"]
[EventType "team"]
[EventRounds "8"]
[EventCountry "CAN"]

1. e4 e5 2. Nf3 Nc6 3. Bc4 Bc5 4. c3 Nf6 5. d3 d6 6. O-O O-O 7. Nbd2 Be6 8. b4
Bb6 9. a4 a6 10. h3 d5 11. exd5 Nxd5 12. Ne4 f6 13. Qb3 Kh8 14. Re1 Qd7 15. a5
Ba7 16. d4 exd4 17. Nc5 Bxc5 18. Rxe6 Qxe6 19. Bxd5 Qf5 20. bxc5 dxc3 21. Bxc6
bxc6 22. Qxc3 Rab8 23. Nd4 Qe4 24. Bf4 Rb7 25. Kh2 Rd8 26. Rd1 h6 27. Qc2 Qd5
28. Rd2 Qf7 29. Nxc6 Rxd2 30. Qxd2 Rb5 31. Qd8+ Kh7 32. Be3 f5 33. g3 Rb2 34.
Ne7 g5 35. Bd4 1-0

[Event "Ligue des clubs 2019-20"]
[Site "St J/Sherbrooke/Granby CAN"]
[Date "2019.11.17"]
[Round "2"]
[White "Beaudry, Marc-Andre"]
[Black "Parenteau, Francois"]
[Result "0-1"]
[WhiteElo "2008"]
[BlackElo "1912"]
[PlyCount "107"]
[EventDate "2019.11.17"]
[EventType "team"]
[EventRounds "8"]
[EventCountry "CAN"]

1. e4 c5 2. Nf3 Nc6 3. d4 cxd4 4. Nxd4 e6 5. Nc3 Qc7 6. Be3 a6 7. Qf3 d6 8. Qg3
Nf6 9. Be2 b5 10. Nxc6 Qxc6 11. a3 Rb8 12. Bd3 b4 13. axb4 Rxb4 14. Bc1 g6 15.
O-O Bg7 16. Rd1 O-O 17. Bxa6 Nxe4 18. Nxe4 Rxe4 19. Bd3 Rb4 20. c3 Ra4 21. Bg5
Bb7 22. Bf1 Rxa1 23. Rxa1 Qb6 24. Qd3 Bd5 25. Be2 Re8 26. Qa6 Rb8 27. Qxb6 Rxb6
28. Ra6 Rxa6 29. Bxa6 Kf8 30. f3 Bb3 31. Be3 Ke7 32. Kf2 e5 33. Ke2 Ke6 34.
Bc8+ Ke7 35. Kd3 d5 36. Bc5+ Kd8 37. Ba6 Kc7 38. Bb5 Bh6 39. Be8 f5 40. Bf7 e4+
41. Ke2 Kc6 42. Ba3 Bc4+ 43. Ke1 Bf4 44. g3 Be3 45. fxe4 fxe4 46. Bg8 h6 47.
Be7 Bc1 48. Ba3 Bd3 49. Be6 h5 50. c4 d4 51. Bd5+ Kc7 52. h3 e3 53. Bf3 Bc2 54.
Bd1 0-1

[Event "Ligue des clubs 2019-20"]
[Site "St J/Sherbrooke/Granby CAN"]
[Date "2019.12.15"]
[Round "3"]
[White "Marcone, Malcom"]
[Black "Beaudry, Marc-Andre"]
[Result "0-1"]
[WhiteElo "1971"]
[BlackElo "2033"]
[PlyCount "65"]
[EventDate "2019.11.17"]
[EventType "team"]
[EventRounds "8"]
[EventCountry "CAN"]

1. e4 c5 2. Nc3 Nc6 3. Bb5 Nd4 4. Bc4 e6 5. f4 Ne7 6. Nf3 d5 7. Bb3 Nxb3 8.
axb3 dxe4 9. Nxe4 Nf5 10. O-O Be7 11. d3 b6 12. g4 Nd6 13. Qe2 Bb7 14. Bd2 h5
15. g5 Nxe4 16. dxe4 f6 17. Bc3 h4 18. gxf6 gxf6 19. Kf2 Qc7 20. Qe3 Qc6 21.
Rae1 O-O-O 22. f5 e5 23. Rg1 c4 24. b4 a5 25. Qe2 axb4 26. Bd2 Rxd2 27. Qxd2 c3
28. bxc3 bxc3 29. Qd5 Bc5+ 30. Kg2 Qxd5 31. exd5 Rg8+ 32. Kh3 Bxd5 33. Kxh4 0-1

[Event "Ligue des clubs 2019-20"]
[Site "St J/Sherbrooke/Granby CAN"]
[Date "2019.12.15"]
[Round "4"]
[White "Parenteau, Francois"]
[Black "Beaudry, Marc-Andre"]
[Result "0-1"]
[WhiteElo "1915"]
[BlackElo "2033"]
[PlyCount "62"]
[EventDate "2019.11.17"]
[EventType "team"]
[EventRounds "8"]
[EventCountry "CAN"]

1. d4 Nf6 2. Nf3 e6 3. e3 b6 4. Bd3 Bb7 5. O-O c5 6. c4 Be7 7. Nc3 cxd4 8. exd4
d5 9. cxd5 Nxd5 10. Bb5+ Bc6 11. Qa4 Bxb5 12. Qxb5+ Qd7 13. Nxd5 exd5 14. Qb3
f6 15. Re1 Kf7 16. Bf4 Nc6 17. Rac1 Rac8 18. h4 Na5 19. Qd3 g6 20. h5 Rxc1 21.
Rxc1 Rc8 22. hxg6+ hxg6 23. Nh4 Rxc1+ 24. Bxc1 Qg4 25. g3 Qe4 26. Qd2 g5 27.
Ng2 Nc6 28. Qc3 Nxd4 29. Qc7 Nf3+ 30. Kh1 Ne1 31. Qc3 Qxg2# 0-1

[Event "Ligue des clubs 2019-20"]
[Site "St J/Sherbrooke/Granby CAN"]
[Date "2020.01.26"]
[Round "5"]
[White "Beaudry, Marc-Andre"]
[Black "Larkin, Kevin"]
[Result "1-0"]
[WhiteElo "2062"]
[BlackElo "1865"]
[PlyCount "77"]
[EventDate "2019.11.17"]
[EventType "team"]
[EventRounds "8"]
[EventCountry "CAN"]

1. e4 c5 2. Nf3 Nc6 3. Bb5 e6 4. Bxc6 bxc6 5. d3 Nf6 6. e5 Nd5 7. c4 Nb6 8. Nc3
Be7 9. Ne4 d5 10. exd6 Bxd6 11. Be3 Qe7 12. Nfd2 f5 13. Nxd6+ Qxd6 14. Nb3 Na4
15. Qd2 e5 16. f4 O-O 17. O-O-O exf4 18. Bxf4 Qf6 19. Rhe1 Bd7 20. Be5 Qd8 21.
Bd6 Rf7 22. Bxc5 Qc7 23. g3 f4 24. Qf2 Bg4 25. Rd2 Rb8 26. Bd4 fxg3 27. Qxg3
Qxg3 28. hxg3 Bf3 29. Rf2 Rbf8 30. Re3 Bh5 31. Rxf7 Kxf7 32. Re5 Bg6 33. Ra5 c5
34. Rxa7+ Ke6 35. Be3 Rf3 36. Bf4 Rf1+ 37. Kc2 Rf2+ 38. Nd2 Nb6 39. Ra6 1-0

[Event "Ligue des clubs 2019-20"]
[Site "St J/Sherbrooke/Granby CAN"]
[Date "2020.02.29"]
[Round "7"]
[White "Beaudry, Marc-Andre"]
[Black "Marcone, Malcom"]
[Result "1-0"]
[WhiteElo "2047"]
[BlackElo "1967"]
[PlyCount "55"]
[EventDate "2019.11.17"]
[EventType "team"]
[EventRounds "8"]
[EventCountry "CAN"]

1. e4 d5 2. exd5 Nf6 3. Nf3 Bg4 4. h3 Bxf3 5. Qxf3 Qxd5 6. Qxd5 Nxd5 7. Bc4 e6
8. Nc3 Nxc3 9. bxc3 Nd7 10. Rb1 Nb6 11. Be2 O-O-O 12. d3 Be7 13. Bf3 c6 14. c4
f5 15. Bf4 Bf6 16. O-O e5 17. Be3 Kc7 18. Rb3 e4 19. Bf4+ Kc8 20. dxe4 Nxc4 21.
Rfb1 g5 22. Bc1 Rd7 23. exf5 h5 24. g3 Bd4 25. Bxg5 Ne5 26. Be4 Nf7 27. Bf4 Re8
28. Bxc6 1-0

[Event "Ligue des clubs 2019-20"]
[Site "St J/Sherbrooke/Granby CAN"]
[Date "2020.02.29"]
[Round "8"]
[White "Lalonde, Jean-Louis"]
[Black "Beaudry, Marc-Andre"]
[Result "1/2-1/2"]
[WhiteElo "1820"]
[BlackElo "2047"]
[PlyCount "54"]
[EventDate "2019.11.17"]
[EventType "team"]
[EventRounds "8"]
[EventCountry "CAN"]

1. d4 Nf6 2. Nf3 g6 3. c4 Bg7 4. Nc3 d5 5. cxd5 Nxd5 6. e4 Nxc3 7. bxc3 c5 8.
Bb5+ Nd7 9. O-O O-O 10. Be3 Qa5 11. Qa4 Qxa4 12. Bxa4 Nf6 13. e5 Nd5 14. Rac1
Nxe3 15. fxe3 Bh6 16. Rce1 cxd4 17. cxd4 Be6 18. Rf2 Rac8 19. Rb2 b6 20. e4 Bc4
21. d5 Rfd8 22. Nd4 Rc7 23. Nc6 Rdc8 24. Bb5 Bxb5 25. Rxb5 Rxc6 26. dxc6 Rxc6
27. Rd5 Re6 1/2-1/2

[Event "Ligue elite du dimanche - S10"]
[Site "Montreal CAN"]
[Date "2019.02.10"]
[Round "1"]
[White "Adam, Rafael"]
[Black "Bilodeau-Savaria, Carl-William"]
[Result "1/2-1/2"]
[WhiteElo "1690"]
[BlackElo "1314"]
[PlyCount "93"]
[EventDate "2019.02.10"]
[EventType "team"]
[EventRounds "5"]
[EventCountry "CAN"]
[WhiteTeam "Food Masters"]
[BlackTeam "Les Veterans"]

1. e4 e5 2. Nf3 Nc6 3. Bb5 a6 4. Ba4 Nf6 5. O-O b5 6. Bb3 Bc5 7. d3 h6 8. c3 d6
9. Be3 Ba7 10. Bxa7 Rxa7 11. Re1 Na5 12. Bc2 c5 13. d4 Rd7 14. Qe2 Nc6 15. d5
Na5 16. Nbd2 Qb6 17. b3 Rc7 18. c4 Bg4 19. Rab1 b4 20. h3 Bh5 21. Nf1 g5 22.
Ng3 Bg6 23. Nd2 Kd7 24. Ndf1 Rcc8 25. Nf5 h5 26. N1e3 Rcg8 27. g4 Qd8 28. Kg2
hxg4 29. hxg4 Rh7 30. Rh1 Rgh8 31. f3 Nb7 32. Rxh7 Rxh7 33. Rh1 Rxh1 34. Kxh1
Qh8+ 35. Kg2 Ne8 36. Qd2 f6 37. Qc1 Ng7 38. a3 Nxf5 39. Nxf5 Bxf5 40. gxf5 a5
41. a4 Qh4 42. Qh1 Qxh1+ 43. Kxh1 Ke7 44. Kg2 Kf7 45. Kg3 Kg7 46. Kg4 Kh6 47.
Bd1 1/2-1/2

[Event "Ligue elite du dimanche - S10"]
[Site "Montreal CAN"]
[Date "2019.02.10"]
[Round "1"]
[White "Huang, Qiuyu"]
[Black "Rodrigue-Lemieux, Shawn"]
[Result "1/2-1/2"]
[WhiteElo "2265"]
[BlackElo "2367"]
[PlyCount "47"]
[EventDate "2019.02.10"]
[EventType "team"]
[EventRounds "5"]
[EventCountry "CAN"]
[WhiteTeam "Rybkaz"]
[BlackTeam "Mannered Monkeys"]

1. e4 d5 2. exd5 Qxd5 3. Nc3 Qa5 4. d4 c6 5. Bc4 Bf5 6. Nf3 e6 7. Bd2 Qc7 8.
Qe2 Nf6 9. O-O-O Nbd7 10. Nh4 Bg6 11. Nxg6 hxg6 12. d5 cxd5 13. Nxd5 Nxd5 14.
Bxd5 Be7 15. Bf3 O-O 16. h4 Rac8 17. c3 Qe5 18. Qxe5 Nxe5 19. Be2 Bc5 20. Rdf1
Rfd8 21. h5 gxh5 22. Rxh5 f6 23. g4 Kf7 24. Kc2 1/2-1/2

[Event "Ligue elite du dimanche - S10"]
[Site "Montreal CAN"]
[Date "2019.02.10"]
[Round "1"]
[White "Latorre, Vincent"]
[Black "Chang, Alexander"]
[Result "1/2-1/2"]
[WhiteElo "1795"]
[BlackElo "1952"]
[PlyCount "130"]
[EventDate "2019.02.10"]
[EventType "team"]
[EventRounds "5"]
[EventCountry "CAN"]
[WhiteTeam "Puzzle Rushers"]
[BlackTeam "Kramnik's Immortals"]

1. e4 e5 2. Nf3 Nc6 3. Bc4 Bc5 4. c3 Nf6 5. d3 d6 6. h3 h6 7. O-O O-O 8. a4 a5
9. Be3 Ba7 10. Na3 Ne7 11. Re1 Ng6 12. Qc2 c6 13. d4 Nh7 14. Rad1 Qf6 15. Be2
Ng5 16. Nxg5 hxg5 17. Nc4 Nf4 18. dxe5 dxe5 19. Rd6 Qe7 20. Red1 Bxe3 21. Nxe3
Be6 22. Bg4 Rad8 23. Qd2 Rxd6 24. Qxd6 Qxd6 25. Rxd6 Bb3 26. Kf1 Bxa4 27. g3
Ng6 28. Bh5 Ne7 29. Rd7 Nc8 30. Rxb7 Nd6 31. Re7 g6 32. Bf3 f6 33. Rd7 Bb5+ 34.
Ke1 Nc4 35. Nxc4 Bxc4 36. Rd6 Bb5 37. Be2 Bxe2 38. Kxe2 c5 39. Ra6 Rb8 40. Rxa5
Rxb2+ 41. Ke3 c4 42. Rc5 Rb1 43. Kf3 Kf7 44. Rxc4 Rc1 45. Rc6 Rh1 46. Kg4 Re1
47. f3 Rc1 48. c4 Rc3 49. c5 Rc4 50. h4 gxh4 51. gxh4 Rc1 52. Rc8 Kg7 53. c6
Rc2 54. c7 Rc1 55. f4 exf4 56. Kxf4 Rc3 57. Kg4 Kh7 58. h5 g5 59. Kf5 Rc5+ 60.
Kg4 Kg7 61. h6+ Kh7 62. Rf8 Rxc7 63. Rxf6 Re7 64. Kf5 g4 65. Rg6 Rxe4 1/2-1/2

[Event "Ligue elite du dimanche - S10"]
[Site "Montreal CAN"]
[Date "2019.02.10"]
[Round "1"]
[White "Morin-Pare, Victor"]
[Black "Tsukerman, Julia"]
[Result "1/2-1/2"]
[WhiteElo "1923"]
[BlackElo "1820"]
[PlyCount "78"]
[EventDate "2019.02.10"]
[EventType "team"]
[EventRounds "5"]
[EventCountry "CAN"]
[WhiteTeam "Les Veterans"]
[BlackTeam "Food Masters"]

1. d4 Nf6 2. Bf4 e6 3. e3 d5 4. c3 c5 5. Nd2 Nc6 6. Ngf3 b6 7. Bb5 Bb7 8. Ne5
Rc8 9. Qa4 a6 10. Nxc6 Qd7 11. Ne5 Qxb5 12. Qxb5+ axb5 13. Ndf3 Ne4 14. Nd2
Nxd2 15. Kxd2 c4 16. a3 f6 17. Nf3 Kd7 18. g4 g5 19. Bg3 h6 20. h4 Bd6 21. Bxd6
Kxd6 22. Rh2 Rcg8 23. hxg5 hxg5 24. Rah1 Rxh2 25. Rxh2 Rg6 26. Rh8 Bc6 27. Ke2
Bd7 28. Ng1 e5 29. Kf3 f5 30. dxe5+ Kxe5 31. gxf5 Bxf5 32. Ne2 g4+ 33. Kg3 Bd7
34. Nf4 Rd6 35. Rh7 Kf5 36. Rf7+ Ke5 37. Re7+ Kf6 38. Rh7 Ke5 39. Rh5+ Ke4
1/2-1/2

[Event "Ligue elite du dimanche - S10"]
[Site "Montreal CAN"]
[Date "2019.02.10"]
[Round "1"]
[White "Omichi, Haruaki"]
[Black "Craciun, David"]
[Result "1/2-1/2"]
[WhiteElo "1711"]
[BlackElo "1950"]
[PlyCount "77"]
[EventDate "2019.02.10"]
[EventType "team"]
[EventRounds "5"]
[EventCountry "CAN"]
[WhiteTeam "Rybkaz"]
[BlackTeam "Mannered Monkeys"]

1. e4 c5 2. Ne2 Nc6 3. Nbc3 g6 4. g3 Bg7 5. Bg2 d6 6. d3 Rb8 7. Be3 b5 8. Qd2
Bd7 9. O-O h5 10. f4 Nh6 11. d4 Qb6 12. dxc5 dxc5 13. Nd5 Qa5 14. Qxa5 Nxa5 15.
Bxc5 e6 16. Ne3 Bxb2 17. Rab1 Bf6 18. Bxa7 Ra8 19. Bc5 Rc8 20. Bd4 Ng4 21. Nxg4
Bxd4+ 22. Nxd4 hxg4 23. Nxb5 Rxc2 24. Nd4 Rc8 25. Nb5 Ke7 26. e5 Rc2 27. Nd4
Rxa2 28. Ra1 Rd2 29. Rfd1 Rxd1+ 30. Rxd1 Nc4 31. Rc1 Ne3 32. Be4 Nf5 33. Bxf5
exf5 34. Nc6+ Bxc6 35. Rxc6 Rd8 36. Rc2 Ke6 37. Kg2 Rh8 38. Rd2 Ke7 39. Rd6
1/2-1/2

[Event "Ligue elite du dimanche - S10"]
[Site "Montreal CAN"]
[Date "2019.02.10"]
[Round "1"]
[White "Saine, Zachary"]
[Black "Zhong, Kevin"]
[Result "0-1"]
[WhiteElo "2049"]
[BlackElo "2169"]
[PlyCount "90"]
[EventDate "2019.02.10"]
[EventType "team"]
[EventRounds "5"]
[EventCountry "CAN"]
[WhiteTeam "Kramnik's Immortals"]
[BlackTeam "Puzzle Rushers"]

1. e4 c5 2. Nf3 Nc6 3. d4 cxd4 4. Nxd4 Nf6 5. Nc3 d6 6. Be3 Ng4 7. Bb5 Nxe3 8.
Nxc6 Nxd1 9. Nxd8+ Kxd8 10. Rxd1 e6 11. a4 Bd7 12. Bc4 Rc8 13. Bb3 Be7 14. O-O
a6 15. f4 Kc7 16. Rf3 Rcd8 17. Rfd3 Rhe8 18. h3 Bc6 19. Kf2 Bf6 20. g4 Rd7 21.
g5 Be7 22. Kg3 b5 23. axb5 axb5 24. Rd4 Kb6 25. h4 h6 26. Kg4 Rdd8 27. f5 Bd7
28. f6 gxf6 29. gxf6 Rg8+ 30. Kf3 Bxf6 31. Rxd6+ Kc7 32. Ra6 Bxc3 33. bxc3 Bc6
34. Rxd8 Rxd8 35. Kf4 Rd1 36. Ra7+ Kb6 37. Re7 Rf1+ 38. Ke5 Kc5 39. Rc7 Re1 40.
Rxf7 Rxe4+ 41. Kf6 Rxh4 42. Bxe6 Rf4+ 43. Kg6 Be8 44. Kg7 Bxf7 45. Bxf7 Rxf7+
0-1

[Event "Ligue elite du dimanche - S10"]
[Site "Montreal CAN"]
[Date "2019.02.10"]
[Round "1"]
[White "Tomb, Maroun"]
[Black "Duong, Thanh Nha"]
[Result "1-0"]
[WhiteElo "2254"]
[BlackElo "2304"]
[PlyCount "69"]
[EventDate "2019.02.10"]
[EventType "team"]
[EventRounds "5"]
[EventCountry "CAN"]
[WhiteTeam "Food Masters"]
[BlackTeam "Les Veterans"]

1. e4 c5 2. Ne2 Nc6 3. Nbc3 d6 4. g3 Nf6 5. Bg2 e5 6. d3 Be7 7. f4 exf4 8. Nxf4
Bg4 9. Qd2 O-O 10. O-O Nd7 11. Ncd5 Nde5 12. h3 Bd7 13. Nxe7+ Qxe7 14. Nd5 Qd8
15. g4 Be6 16. Qf2 f6 17. Be3 Qd7 18. Qg3 b5 19. Rf2 Ne7 20. Raf1 Qb7 21. g5
fxg5 22. Rxf8+ Rxf8 23. Rxf8+ Kxf8 24. Bxc5 Bxd5 25. exd5 Qc7 26. Qf2+ Kg8 27.
Bxa7 g4 28. Bd4 N7g6 29. hxg4 Nxg4 30. Qf5 N4e5 31. Qe6+ Kf8 32. Be4 Qd8 33.
Qf5+ Qf6 34. Bxe5 Qxf5 35. Bxd6+ 1-0

[Event "Ligue elite du dimanche - S10"]
[Site "Montreal CAN"]
[Date "2019.02.10"]
[Round "1"]
[White "Wu, Tony (Dongze)"]
[Black "Tanaka, Tyler"]
[Result "0-1"]
[WhiteElo "1919"]
[BlackElo "2274"]
[PlyCount "108"]
[EventDate "2019.02.10"]
[EventType "team"]
[EventRounds "5"]
[EventCountry "CAN"]
[WhiteTeam "Mannered Monkeys"]
[BlackTeam "Rybkaz"]

1. d4 Nf6 2. c4 g6 3. g3 Bg7 4. Bg2 O-O 5. Nf3 d6 6. O-O Nc6 7. d5 Na5 8. Nfd2
c5 9. Qc2 a6 10. Nc3 e6 11. Rd1 exd5 12. Nxd5 Bf5 13. Nxf6+ Bxf6 14. Be4 Be6
15. Nb3 Nxc4 16. Bxb7 Ra7 17. Nxc5 Na3 18. Qa4 Rxb7 19. Nxb7 Qa8 20. Qxa3 Qxb7
21. Qf3 Qe7 22. Bf4 d5 23. Bd6 Qxd6 24. Qxf6 Qb4 25. Qd4 Qb5 26. Rd2 Rc8 27. a4
Qb3 28. Qd3 Qb4 29. Rc2 Ra8 30. Qc3 Qe4 31. f3 Qf5 32. Rac1 h5 33. Qd4 Qg5 34.
b4 Re8 35. Qf4 Qd8 36. Rc7 Bf5 37. e3 Qf6 38. g4 hxg4 39. fxg4 Re4 40. g5 Qb2
41. R7c2 Qxb4 42. Qc7 Rg4+ 43. Rg2 Rxg2+ 44. Kxg2 Qd2+ 45. Kf3 Be4+ 46. Kg4
Qe2+ 47. Kg3 Qf3+ 48. Kh4 Qh5+ 49. Kg3 Qxg5+ 50. Kf2 Qg2+ 51. Ke1 Qg1+ 52. Ke2
Qg2+ 53. Ke1 Bd3 54. Rc2 Qxc2 0-1